000 00536nam a2200205Ia 4500
005 20240823062024.0
008 240823s9999||||xx |||||||||||||| ||und||
020 _a81-86366-80-6
041 _aENGLISH
082 _A194.68 Q2
100 _aRajesekharan Pillai V N
245 0 _aState of Environment Report for lakshdweep
250 _a1st
260 _c2012
_bKerala State Council for Science TEchnology and Enviro
500 _aYES
650 _aNil
_bGeneral
700 _aRamachandran K K
942 _cBK
999 _c234904
_d234904